00554 2200193 4500001002100000005001500021035002000036007000300056008004100059020002200100082001000122084001600132100004000148245007700188250001000265260003700275300003500312650001300347INLIS00000000000478420260703035358 a0010-0726000033ta260703 g 0 ind  a979-979-1273-01-5 a158.1 a158.1 SOL t0 aSolikhin Abu Izzanuddin (pengarang)1 aThe Way To Win :bPositif - Kreatif - Solutif /cSolikhin Abu Izzanuddin aCet.5 aYogyakarta :bPro U Media,c2009 a308 hal :bTeks, ilus ;c21 cm 4aMotivasi